40 years of housing discourse: a compilation of articles on real estate

محفوظ في:
التفاصيل البيبلوغرافية
المؤلف الرئيسي: AKOMOLEDE, kola
التنسيق: كتاب
اللغة:الإنجليزية
منشور في: Havilah Books, 2018.
الوسوم: إضافة وسم
لا توجد وسوم, كن أول من يضع وسما على هذه التسجيلة!

MARC

LEADER 00000nam a22000007a 4500
008 210126b ||||| |||| 00| 0 eng d
020 |a 978-841322-6 
100 |a AKOMOLEDE, kola 
245 |a 40 years of housing discourse:   |b a compilation of articles on real estate  |c Kola Akomolede  |g - xvii, 522p.; ill. 
260 |b Havilah Books,   |c 2018.  |h Lagos  |i 695858   |l 695859  |m Housing policy – Nigeria.  |m Housing – Nigeria.  |m Housing development – Nigeria. 
942 |a lcc  |c BK  |e Adeniran, F. A  |f 26/01/2021 
952 |0 0  |1 0  |2 lcc  |4 0  |6 HD7333 N6 A K6  |7 0  |9 1808  |a HOL  |b SSL  |c GJ  |d 2021-01-26  |l 0  |o HD7333 .N6Ak6  |p 2021-5681  |r 2021-01-26 00:00:00  |w 2021-01-26  |y BK 
952 |0 0  |1 0  |2 lcc  |4 0  |6 HD7333 N6 A K6  |7 0  |9 1809  |a HOL  |b HOL  |c GJ  |d 2021-01-26  |l 0  |o HD7333 .N6Ak6  |p 2021-5682  |r 2021-01-26 00:00:00  |w 2021-01-26  |y BK 
999 |c 951  |d 951